| 000 | 00800nam a22002177a 4500 | ||
|---|---|---|---|
| 999 |
_c14090 _d14090 |
||
| 003 | AR-CdUCM | ||
| 008 | 190422b ||||| |||| 00| 0 spa d | ||
| 040 |
_aMUNICIPALIDAD PROVINCIAL DEL CUSCO _cBIBLIOTECA MUNICIPAL DEL CUSCO |
||
| 082 |
_a949.9 / _bY57 |
||
| 100 |
_aYivkov, Todor _932760 |
||
| 245 | _aLa victoria sobre el fascismo, grandiosa hazaña de la unión Soviética triunfo histórico de los pueblos / | ||
| 260 | _c1975. | ||
| 300 |
_a31 paginas ; _c23 cm. |
||
| 500 | _aNota :Informe presentado en el acto solemne realizado en Sofia con motivo del XXX aniversario del día de la victoria. | ||
| 650 |
_aInforme _912183 |
||
| 650 |
_aUnion Sovietica _9496 |
||
| 650 |
_aPartido comunista _92203 |
||
| 650 |
_aBulgaria _932761 |
||
| 942 |
_2ddc _cFOLLETOS |
||
| 945 |
_awnts _d2019-04-22 |
||